| 000 | 00574nam a22001937a 4500 | ||
|---|---|---|---|
| 005 | 20251108170850.0 | ||
| 008 | 250721s1986 xx 000 0 ara d | ||
| 082 | 1 | 4 | _a211.63/لاش |
| 100 | 1 | _aلاشين، عبد الفتاح | |
| 245 | 1 | 0 | _aالبديع في ضوء أساليب القرآن / |
| 250 | _aط3 | ||
| 264 | 1 |
_aالقاهرة : _bمكتبة الأنجلو المصرية، _c1986. |
|
| 300 | _a215ص | ||
| 650 | 1 | 7 | _aالقرآن الكريم |
| 650 | 1 | 7 | _aالبلاغة |
| 650 | 1 | 7 | _aاللغة العربية |
| 942 |
_2ddc _cBK |
||
| 999 |
_c50864 _d50864 |
||